Youth enterprise and youth unemployment in European union member and associated countries

Problémy nezamestnanosti v krajinách EÚ a kandidátskych krajinách SVE. Možnosti zamestnania mládeže. Program podpory zamestnanosti mládeže vo Veľkej Británii. Problémy podnikania mládeže v kandidátskych krajinách. Transformácia malých a stredných podnikov.

Saved in:
Bibliographic Details
Main Author: Roberts, Kenneth
Other Authors: Macháček, Ladislav
Format: Book Chapter
Language:English
Subjects:
Tags: Add Tag
No Tags, Be the first to tag this record!

MARC

LEADER 00000naa a2200000 4500
001 r044532
005 20230929070544.0
041 0 |a eng 
044 |a SK 
245 1 0 |a Youth enterprise and youth unemployment in European union member and associated countries  |c Kenneth Roberts, Ladislav Macháček 
520 |a Problémy nezamestnanosti v krajinách EÚ a kandidátskych krajinách SVE. Možnosti zamestnania mládeže. Program podpory zamestnanosti mládeže vo Veľkej Británii. Problémy podnikania mládeže v kandidátskych krajinách. Transformácia malých a stredných podnikov. 
610 2 0 |a nezamestnanosť 
610 2 0 |a mládež 
610 2 0 |a Európska únia 
610 2 0 |a programy vládne 
610 2 0 |a podnikanie malé 
610 2 0 |a podnikanie stredné 
610 2 0 |a SVE 
610 2 0 |a Veľká Británia 
100 1 |a Roberts, Kenneth 
700 1 |a Macháček, Ladislav